MARC

LEADER 00000nam0a2200000 4500
001 225871
005 20231101230706.0
010 |a 5020296066 
035 |a (RuTPU)RU\TPU\book\246232 
090 |a 225871 
100 |a 20121115d1990 km y0rusy50 ca 
101 0 |a rus 
102 |a RU 
105 |a a z 001zy 
200 1 |a Огонь и пепел науки  |f Е. В. Семенов  |g Академия наук СССР (АН СССР), Сибирское отделение (СО) ; под ред. А. И. Жучкова 
210 |a Новосибирск  |c Наука  |d 1990 
215 |a 189 с.  |c ил. 
225 1 |a Общество и личность 
320 |a Библиография в примечаниях. 
606 1 |a Методология науки  |2 stltpush  |3 (RuTPU)RU\TPU\subj\43491  |9 62985 
610 1 |a наука 
610 1 |a теория 
610 1 |a методология 
610 1 |a философия 
610 1 |a история 
610 1 |a ценности 
610 1 |a ученые 
610 1 |a общество 
686 |a Ю25  |v LBC/SL-A  |2 rubbk 
700 1 |a Семенов  |b Е. В.  |g Евгений Васильевич 
702 1 |a Жучков  |b А. И.  |4 340 
712 0 2 |a Академия наук СССР (АН СССР)  |b Сибирское отделение (СО)  |c (Новосибирск)  |2 stltpush  |3 (RuTPU)RU\TPU\col\11215 
801 1 |a RU  |b 63413507  |c 20121115 
801 2 |a RU  |b 63413507  |c 20130627  |g RCR 
942 |c BK